| 000 | 00526nam a22001817a 4500 | ||
|---|---|---|---|
| 005 | 20251108164251.0 | ||
| 008 | 250721s1988 xx 000 0 ara d | ||
| 082 | 1 | 4 | _a338.9565/ظاه |
| 100 | 1 | _aظاهر، أحمد | |
| 245 | 1 | 0 |
_aأغوار الأردن : _bعمليات التغيير و أداة التطوير / |
| 264 |
_b(د.ن)، _c1988. |
||
| 300 | _a420ص. | ||
| 650 | 1 | 7 | _aالتنمية الإقتصادية |
| 650 | 1 | 7 | _aالأردن |
| 650 | 1 | 7 | _aوادي الأردن |
| 942 |
_2ddc _cBK |
||
| 999 |
_c7904 _d7904 |
||